书目信息 |
| 题名: |
定常气体动力学的一维处理方法
|
|
| 作者: | 克罗柯 著 ;徐华航 译 | |
| 分册: | B编 | |
| 出版信息: | 北京 科学出版社 1985.1 |
|
| 页数: | 319页 | |
| 开本: | 21cm | |
| 丛书名: | ||
| 单 册: | ||
| 中图分类: | O354 | |
| 科图分类: | ||
| 主题词: | 流体力学 | |
| 电子资源: | ||
| ISBN: | ||
| 000 | 00774nam0 2200229 45 | |
| 001 | 0405181103 | |
| 005 | 20040914105525.7 | |
| 010 | @dCNY2.90 | |
| 091 | @a13031.278 | |
| 100 | @a20040518d1985 km y0chiy0120 ea | |
| 101 | 0 | @achi@ceng |
| 105 | @a z 000yy | |
| 200 | 1 | @a定常气体动力学的一维处理方法@ADing Chang Qi Ti Dong Li Xue De Yi Wei Chu Li Fang Fa@e气体动力学基本原理@hB编@EQi Ti Dong Li Xue Ji Ben Yuan Li@f(美)L· 克罗柯著@F(Mei)L·Ke Luo Ke Zhu@g徐华航译 |
| 210 | @a北京@c科学出版社@d1985.1 | |
| 215 | @a319页@d21cm | |
| 517 | @a气体动力学基本原理@AQi Ti Dong Li Xue Ji Ben Yuan Li | |
| 606 | 0 | @a流体力学 |
| 690 | @aO354@v3 | |
| 701 | 0 | @a克罗柯@4著 |
| 702 | 0 | @a徐华航@AXu Hua Hang@4译 |
| 801 | @aCN@bPftUser@c20040518 | |
| 905 | @dO354@e19@f1@b130484 | |
| 定常气体动力学的一维处理方法:气体动力学基本原理.B编/(美)L· 克罗柯著/徐华航译.-北京:科学出版社,1985.1 |
| 319页;21cm |
| ISBN :CNY2.90 |
| ● |
| 相关链接 |
|
|
|
|
正题名:定常气体动力学的一维处理方法
索取号:O354/19
 
预约/预借
| 序号 | 登录号 | 条形码 | 馆藏地/架位号 | 状态 | 备注 |
| 1 | 0130483 | 000386282 | 第三借阅区/ [索取号:O354/19] | 在馆 | |
| 2 | 0130484 | 001931075 | 第三借阅区/ [索取号:O354/19] | 在馆 | |
| 3 | 0130485 | 000386273 | 第二样本阅览室/ [索取号:O354/19] | 在馆 |